000 00557nam a2200229Ia 4500
003 OSt
005 20220924133711.0
006 a|||||r|||| 00| 0
007 ta
008 220923b |||||||| |||| 00| 0 tam d
024 _a268128
037 _cTextual
040 _aARTS
_cARTS
_btam
041 _2tam
_atam
082 _aO31p1,P, P5
100 _aP. Mathivaacaa
_9207122
245 0 _aTamilni 2000
260 _c2005
650 _aTAMIL LITERATURE
942 _hO31p1,P, P5
_cTEXL
_2CC
999 _c434809
_d434809